Gobernabilidad: nuevos actores, nuevos desafíos. Memorias 2002 IBERGOP, México
Đã lưu trong:
| Những tác giả chính: | , , |
|---|---|
| Định dạng: | Sách |
| Ngôn ngữ: | Tiếng Tây Ban Nha |
| Được phát hành: |
Ciudad de México
Porrúa
2003
|
| Phiên bản: | 1a. ed |
| Những chủ đề: | |
| Các nhãn: |
Thêm thẻ
Không có thẻ, Là người đầu tiên thẻ bản ghi này!
|
MARC
| LEADER | 00000nam a2200000 a 4500 | ||
|---|---|---|---|
| 001 | UCK2560 | ||
| 003 | CL-VaPUC | ||
| 005 | 20211019074314.0 | ||
| 008 | 050304e20030000mx 1 spa d | ||
| 020 | |a 9700737349v.2 | ||
| 082 | 0 | 4 | |a 338.98 |b ORT |2 21 |
| 100 | 1 | |a Ortega Venzor, Alberto |e author |9 620678 | |
| 700 | 1 | |a Martínez Castillo, Carlos Alberto |e author |9 620679 | |
| 700 | 1 | |a Zárate, Vanessa |e author |9 620680 | |
| 245 | 1 | 0 | |a Gobernabilidad: nuevos actores, nuevos desafíos. Memorias 2002 IBERGOP, México |
| 250 | |a 1a. ed | ||
| 260 | |a Ciudad de México |b Porrúa |c 2003 | ||
| 300 | |a v | ||
| 583 | |a last modification |c 20190823 10:40:40 |k Rodrigo Vera | ||
| 650 | 0 | 0 | |a Globalización |9 361930 |
| 650 | 0 | 0 | |a Política internacional |9 255813 |
| 650 | 0 | 0 | |a Políticas públicas |9 309677 |
| 650 | 0 | 0 | |a Desarrollo económico y social |9 256320 |
| 650 | 0 | 0 | |a Ciencias Políticas |9 255201 |
| 942 | |c BK | ||
| 945 | |a cmena |d 20050304 00:00:00 | ||
| 546 | |a En Español | ||
| 536 | |a Presidencia de la República de México | ||
| 536 | |a CONACYT | ||
| 518 | |p IBERGOP-México, 2, Ciudad de México, mayo de 2002 | ||
| 999 | |c 384107 |d 384105 | ||
| 952 | |0 0 |1 0 |4 0 |6 338_980000000000000_ORT_2003 |7 0 |8 A |9 506579 |a BIBHIS |b BIBHIS |d 2020-01-23 |h v.2 |i 409493K |o 338.98 ORT 2003 |p 409493K |r 2025-01-20 |w 2020-01-23 |y BK |k HIS | ||